Calculus : an intuitive and physical approach

Saved in:
Bibliographic Details
Main Author: Kline, Morris 1908-1992
Format: Book
Language:English
Published: New York : John Wiley, 1977
Edition:2nd ed.
Subjects:
Tags: Add Tag
No Tags, Be the first to tag this record!

MARC

LEADER 00000nam a2200000 i 4500
001 1/34413
008 941103s1977 eng d
020 |a 0-471-03479-7 
035 |a 1987  |l 10039643 
040 |a GR-MY-UA  |b gre  |e aacr 
041 0 |a eng 
082 0 |a 515. 
100 1 |a Kline, Morris  |d 1908-1992. 
245 1 0 |a Calculus :  |b an intuitive and physical approach /  |c Morris Kline 
250 |a 2nd ed. 
260 |a New York :   |b John Wiley,   |c 1977 
300 |a 943 p.;  |c 25 cm. 
500 |a Includes index 
650 0 0 |a Calculus. 
650 0 0 |a Mathematical analysis. 
852 |a INST  |b SAMOS  |e 19941103  |h 515 KLI  |p 005300001865  |q 005300001865  |t BK  |y 0 
909 |a Σ  |b 008323